000
00290nam a22001097a 4500
082
_a
941 WYA'O
100
_a
WYATT, DAVIES E
_9
57687
245
_a
OUTLINES OF BRITISH HISTORY 55 B.E TO THE PEACE OF VERSAILLES A. D. 1919
260
_a
LONDON
_b
LONGMANS
_c
1922
300
_a
278P
942
_c
BK
999
_c
567960
_d
567960